Food Safety Recent Updates/ (Record no. 51546)

MARC details
000 -LEADER
fixed length control field 00580nam a22001937a 4500
003 - CONTROL NUMBER IDENTIFIER
control field OSt
008 - FIXED-LENGTH DATA ELEMENTS--GENERAL INFORMATION
fixed length control field 260605b |||||||| |||| 00| 0 eng d
020 ## - INTERNATIONAL STANDARD BOOK NUMBER
International Standard Book Number 9789395700269
082 ## - DEWEY DECIMAL CLASSIFICATION NUMBER
Classification number 664.06
Item number D61F
100 ## - MAIN ENTRY--PERSONAL NAME
Personal name Dixit, Baleshwari
245 ## - TITLE STATEMENT
Title Food Safety Recent Updates/
Remainder of title by Baleshwari Dixit, Amit Kumar Jha
260 ## - PUBLICATION, DISTRIBUTION, ETC. (IMPRINT)
Place of publication, distribution, etc Delhi:
Name of publisher, distributor, etc Satish Serial Publishing House,
Date of publication, distribution, etc 2024
300 ## - PHYSICAL DESCRIPTION
Extent x, 141 p.
650 ## - SUBJECT ADDED ENTRY--TOPICAL TERM
Topical term or geographic name as entry element Technology (Applied sciences)
650 ## - SUBJECT ADDED ENTRY--TOPICAL TERM
Topical term or geographic name as entry element Food technology
650 ## - SUBJECT ADDED ENTRY--TOPICAL TERM
Topical term or geographic name as entry element Food hygiene, safety, plant sanitation
700 ## - ADDED ENTRY--PERSONAL NAME
Personal name Jha, Amit Kumar
942 ## - ADDED ENTRY ELEMENTS (KOHA)
Source of classification or shelving scheme
Koha item type Books
Holdings
Withdrawn status Lost status Source of classification or shelving scheme Damaged status Not for loan Home library Current library Shelving location Date acquired Source of acquisition Cost, normal purchase price Total Checkouts Full call number Barcode Date last seen Bill Date Koha item type Bill Number
          Dr. Rajendra Prasad Central Agricultural University Pusa, Dr. Rajendra Prasad Central Agricultural University Pusa, General Stacks 05/06/2026 Delight Book Agency 2450.00   664.06 D61F 87347 05/06/2026 29/01/2026 Books Bill No. DBS/0262025-2026
Hosted, Implemented, Customized & Maintained by: BestBookBuddies

Powered by Koha